| 000 | 00444nam a2200121Ia 4500 | ||
|---|---|---|---|
| 008 | 220615s9999||||xx |||||||||||||| ||und|| | ||
| 100 | _aTavoletti, Ernesto | ||
| 245 | 0 | _aHigher Education and Local Economic Development | |
| 546 | _aEnglish[eng] | ||
| 650 | _aHIGHER EDUCATION||LOCAL ECONOMIC DEVELOPMENT||KNOWLEDGE||GOVERNANCE||UNEMPLOYMENT | ||
| 856 | _uhttps://library.oapen.org/bitstream/20.500.12657/54871/1/9788884538796.pdf | ||
| 942 | _cEB | ||
| 999 |
_c16875 _d16875 |
||